LEADER 02363oam 2200517M 450 001 9910715581103321 005 20191116081231.2 035 $a(CKB)5470000002512240 035 $a(OCoLC)1065960884 035 $a(OCoLC)995470000002512240 035 $a(EXLCZ)995470000002512240 100 $a20070221d1819 ua 0 101 0 $aeng 135 $aurcn||||||||| 181 $ctxt$2rdacontent 182 $cc$2rdamedia 183 $acr$2rdacarrier 200 10$aMessage from the President of the United States, transmitting, pursuant to a resolution of the House of Representatives of the eighteenth instant, information relative to the occupancy of Amelia Island, St. Marks, and Pensacola, &c. &c. January 30, 1819. Read, and referred to the Committee on Foreign Relations 210 1$a[Washington, D.C.] :$c[publisher not identified],$d1819. 215 $a1 online resource (17 pages) 225 1 $aHouse document / 15th Congress, 2nd session. House ;$vno. 117 225 1 $a[United States congressional serial set ] ;$v[serial no. 22] 300 $aBatch processed record: Metadata reviewed, not verified. Some fields updated by batch processes. 300 $aFDLP item number not assigned. 606 $aCustoms administration 606 $aIntergovernmental fiscal relations 606 $aInternational relations 606 $aTerritories and possessions 607 $aSpain$xTerritories and possessions 608 $aLegislative materials.$2lcgft 615 0$aCustoms administration. 615 0$aIntergovernmental fiscal relations. 615 0$aInternational relations. 615 0$aTerritories and possessions. 701 $aMonroe$b James$f1758-1831.$01387352 712 02$aUnited States.$bPresident (1817-1825 : Monroe) 712 02$aUnited States.$bDepartment of the Treasury. 712 02$aUnited States.$bWar Department. 801 0$bWYU 801 1$bWYU 801 2$bOCLCO 801 2$bOCLCQ 906 $aBOOK 912 $a9910715581103321 996 $aMessage from the President of the United States, transmitting, pursuant to a resolution of the House of Representatives of the eighteenth instant, information relative to the occupancy of Amelia Island, St. Marks, and Pensacola, &c. &c. January 30, 1819. Read, and referred to the Committee on Foreign Relations$93446552 997 $aUNINA LEADER 02664nam 2200589 a 450 001 9910959987203321 005 20240516040808.0 010 $a1-283-10025-8 010 $a9786613100252 010 $a0-8261-2569-7 035 $a(CKB)2670000000078060 035 $a(EBL)678652 035 $a(OCoLC)712015727 035 $a(SSID)ssj0000469088 035 $a(PQKBManifestationID)12176096 035 $a(PQKBTitleCode)TC0000469088 035 $a(PQKBWorkID)10510511 035 $a(PQKB)10191911 035 $a(Au-PeEL)EBL678652 035 $a(CaPaEBR)ebr10463151 035 $a(CaONFJC)MIL310025 035 $a(MiAaPQ)EBC678652 035 $a(EXLCZ)992670000000078060 100 $a20091229d2010 uy 0 101 0 $aeng 135 $aur|n|---||||| 181 $ctxt 182 $cc 183 $acr 200 10$aFast facts for the clinical nurse manager $emanaging a changing workplace in a nutshell /$fBarbara Fry 205 $a1st ed. 210 $aNew York $cSpringer Pub. Co.$dc2010 215 $a1 online resource (240 p.) 225 1 $aFast Facts 300 $aDescription based upon print version of record. 311 08$a0-8261-2568-9 320 $aIncludes bibliographical references and index. 327 $apt. 1. The bottom line : managing what lies beneath -- pt. 2. The here and now : managing new realities -- pt. 3. Staff gone wild? : managing your cast of characters -- pt. 4. Predicting your workplace future : Create it! Manage it! Love it! -- pt. 5. From surviving to thriving : tips and tools for thriving in a changing workplace. 330 $aClinical nurse managers face a multitude of challenges daily--managing a budget, interpersonal conflicts among staff, policy and structural changes, and many more. Using the concise ""Fast Facts"" format, this guide provides quick access to insights, strategies, and tools for resolving some of today's most challenging issues for nurse managers. . . This book delineates the roles and responsibilities of nurse managers in the rapidly changing health care system. It also provides useful strategies for creating a healthier work environment, which improves nurse retention. Readers will learn to i 410 0$aFast facts (Springer Publishing Company) 606 $aNurse administrators$vHandbooks, manuals, etc 615 0$aNurse administrators 676 $a362.17/3068 676 $a362.173068 700 $aFry$b Barbara$f1948-$01696139 801 0$bMiAaPQ 801 1$bMiAaPQ 801 2$bMiAaPQ 906 $aBOOK 912 $a9910959987203321 996 $aFast facts for the clinical nurse manager$94075882 997 $aUNINA